LIBRARY & INFORMATION CENTRE, KCAET, TAVANUR

ONLINE PUBLIC ACCESS CATALOGUE (OPAC)

Guide to soil mechanics (Record no. 13611)

MARC details
000 -LEADER
fixed length control field 00294cam a2200097ua 4500
020 ## - INTERNATIONAL STANDARD BOOK NUMBER
ISBN 9788173714252
100 ## - MAIN ENTRY--AUTHOR NAME
Personal name Bolton, Malcolm D.,
245 ## - TITLE STATEMENT
Title Guide to soil mechanics
260 ## - PUBLICATION, DISTRIBUTION, ETC. (IMPRINT)
Place of publication New Delhi
Name of publisher Universities press India Pvt Ltd
Year of publication 2009
300 ## - PHYSICAL DESCRIPTION
Number of Pages 440.
Holdings
Withdrawn status Lost status Damaged status Home library Current library Shelving location Date acquired Full call number Accession Number Koha item type
      KAUAET KAUAET Scheme 12/09/2018 624.15136 BOL/SO BB 150 Book Bank scheme for SC students
      KAUAET KAUAET Scheme 12/09/2018 624.15136 BOL/SO BB 151 Book Bank scheme for SC students
free website counter